01440nab a22002057a 4500003000400000005001700004008004100021040000700062100002600069245014400095260007300239300001300312500004400325505056200369505008900931650002001020650002801040650002601068773014001094OSt20251113113138.0190604e xxu||||| |||| 00| 0 spa d cPJ aCardoso, Nicolás E.13aEl decreto 149/2025 PEN. Implicaciones en la negociación colectiva y su compatibilidad con la doctrina de la OIT /cNicolás E. Cardoso. aCiudad Autónoma de Buenos Aires :bThomson Reuters La Ley, c2025. ap. 60-64 aCita Online: TR LALEY AR/DOC/864/2025.  tSumario: I. Introducción.— II. Los aportes solidarios en la doctrina de la OIT.— III. La doctrina de la OIT sobre la negociación colectiva libre y voluntaria.— IV. La doctrina de la OIT respecto a los principios generales de la intervención de las autoridades públicas en la negociación colectiva.— V. La doctrina de la OIT respecto a intervenciones administrativas que suspenden convenios colectivos o que imponen su renegociación.— VI. El dec. 149/2025 PEN y sus puntos de tensión con la doctrina de la OIT.— VII. Conclusiones.  t¿Te interesa el texto completo? Solicitalo al correo: koha@justierradelfuego.gov.ar 0aDERECHO LABORAL 0aASOCIACIONES SINDICALES 0aNEGOCIACION COLECTIVA0 02714dCiudad Autónoma de Buenos Aires : Thomson Reuters La Ley, 2014-tRevista anales de legislación argentina. Nº 6 - Junio 2025.